| 000 | 00435cam a22001217a 4500 | ||
|---|---|---|---|
| 008 | 180718b1971 xxu||||| |||| 00| 0 eng d | ||
| 082 | _aXA94068x42 Un3t | ||
| 100 | _aHowe, J.R. | ||
| 245 |
_aTwo parent families: a study of their resources and needs in 1968, 1969 and 1970 _cby J.R. Howe |
||
| 260 |
_aLondon _bHer Majesty's Stationery Office _c1971 |
||
| 300 | _a18+p. | ||
| 700 | _aUnited Kingdom.Department of Health and Social Security | ||
| 999 |
_c498987 _d498987 |
||